000 00850nam a22002537a 4500
999 _c308254
_d308254
001 22041
003 UA-OsUOA
005 20200126204559.0
007 ta
008 20031216b un ||||| |||| 00| 0 ukr d
020 _a966-7133-36-2
040 _aUA-OsUOA
_bukr
_cUA-OsUOA
_dUA-OsUOA
041 _aukr
044 _aUA
080 _a796.012.1(075.8)
090 _a796.012.1(075.8)
_bС32
100 _aСегрієнко Л. П.
245 _aТестування рухових здібностей школярів
_bнавчальний посібник для студентів вищих навчальних закладів
_cред. М. М. Булатова, Т. Ю. Круцевич
260 _aКиїв
_bОлімпійська література
_c2001
300 _a440 с.
650 7 _2UDC
942 _cBK
_2udc
955 _a0